LEADER 00794nam0 2200265 450 001 000000749 005 20050630115200.0 010 $a88-238-0523-6 100 $a--------d1999----km-y0itay50------ba 101 $aita 102 $aIT 200 1 $aRivoluzione commerciale & trade marketing$fDaniele Fornari 210 $aMilano$cEGEA$d1999c 215 $a317 p.$d24 cm 225 2 $aBEA$iMarketing e comunicazione 410 0$12001$aBEA 517 1 $aRivoluzione commerciale e trade marketing 610 1 $aMerci$aDistribuzione 676 $a658.8 700 1$aFornari,$bDaniele$0107580 801 0$aIT $bUNIPARTHENOPE $gRICA $2UNIMARC 912 $a000000749 951 $cNAVA1$a658-R/14$b33863$d20000221 996 $aRivoluzione commerciale & trade marketing$963291 997 $aUNIPARTHENOPE LEADER 01284nam 2200361 a 450 001 9910694883103321 005 20060221144959.0 035 $a(CKB)5470000002364876 035 $a(OCoLC)64185211 035 $a(EXLCZ)995470000002364876 100 $a20060221d2005 ua 0 101 0 $aeng 135 $aurmn|---||||| 181 $ctxt$2rdacontent 182 $cc$2rdamedia 183 $acr$2rdacarrier 200 10$aClimate change$b[electronic resource] $efederal reports on climate change funding should be clearer and more complete : report to congressional requesters 210 1$a[Washington, D.C.] :$cU.S. Government Accountability Office,$d[2005] 215 $aii, 47 pages $cdigital, PDF file 300 $aTitle from title screen (viewed on Feb. 8, 2006). 300 $a"August 2005." 300 $aPaper version available from: U.S. Government Accountability Office, 441 G St., NW, Rm. LM, Washington, D.C. 20548. 300 $a"GAO-05-461." 320 $aIncludes bibliographical references. 517 $aClimate change 606 $aClimatic changes$xEvaluation 615 0$aClimatic changes$xEvaluation. 801 0$bGPO 801 1$bGPO 906 $aBOOK 912 $a9910694883103321 996 $aClimate change$9250420 997 $aUNINA